| 000 | 00581nam a2200145Ia 4500 | ||
|---|---|---|---|
| 008 | 170221s9999 xx 000 0 und d | ||
| 100 | _aHishan S. Sanil | ||
| 245 | _aEffectiveness of Supply Chain Management with Reference to Apparel Industry: A Case Study in India | ||
| 245 | _cHishan S. Sanil, Suresh Ramakrishnan, Mohammed Alwethainani, Abdul Ghafoor Kazi, Muhammad Siddique | ||
| 260 | _bInternational Review of Management and Marketing | ||
| 260 | _c2012 | ||
| 300 | _a7 : 1 | ||
| 650 | _xMarketing. | ||
| 856 | _uhttp://www.econjournals.com/index.php/irmm/issue/view/77 | ||
| 999 |
_c313922 _d313922 |
||